000 00577nam a2200217Ia 4500
005 20250923144317.0
008 008 250917s9999 xx 000 0 eng d
037 _aTextual
040 _aDSWL
_beng
_cDSWL
041 _aeng
_2eng
084 _aL7:4:691, N47
_qDSWL
100 _aJackson
_9823520
245 0 _aOutwitting our nerves
_cby Jackson
260 _aLondon
_bKegan Paul
_c1947
300 _a275 p.
365 _aINR
_b12.6
700 _a Salisbury
_9823521
925 _g12.6
942 _cTEXL
_hL7:4:691, N47
999 _c1437296
_d1437296